| 000 | 01230 a2200253 4500 | ||
|---|---|---|---|
| 005 | 20080820154716.0 | ||
| 008 | 080820t xxu||||| |||| 00| e hin d | ||
| 010 | _aHIN-84013 | ||
| 020 |
_a8188492302 _c200.00 |
||
| 035 | _aHN-56359 | ||
| 037 | _aDBAD / PUB | ||
| 040 |
_aDPL _bHN |
||
| 082 | _a808.88 | ||
| 100 | _aशरण, श्यामा | ||
| 245 |
_aका न करै अबला प्रबल : _cश्यामा शरण _b(निबंध-संग्रह) / |
||
| 246 |
_akaa naa karai ablaa prabala _bby Shyama Sharan |
||
| 260 |
_aआगरा _bअरविन्द प्रकाशन _c2007 |
||
| 270 |
_a15/131 सोरों कटरा, शाहगंज _bआगरा _e10 |
||
| 300 |
_a148पृ _c22 सेमी (अजिल्द) |
||
| 650 |
_aहिन्दी निबंध _xमहिलायें _xसामाजिक स्थिति _zभारत |
||
| 650 |
_aHindi essays _xWomen _xSocial conditions _zIndia |
||
| 942 |
_adpl _cHN _2ddc _h808.88 _mशरण |
||
| 999 |
_c14953 _d14953 |
||